000 00759nam a22002537a 4500
001 BR0703928
003 BR-BrBNA
005 20230928102517.0
007 ta
008 230509b bl.||||| |||| 00| 0 por d
040 _aBR-BrBNA
_bpor
_cBiblioteca Nacional de Agricultura
041 _a(Por)
072 _aF01
_b0180
090 _ 0180 BR0703928
100 1 _aParo, H.(coord.)
100 1 _aSimião, S.A.A.(coord.)
110 1 _aEmpresa Mato-Grossense de Pesquisa, Assistência e Extensão Rural S.A., Cuiabá, MT(Brasil)
245 1 _aDiretrizes técnicas da cultura do trigo em Mato Grosso
260 3 _aCuiabá, MT(Brasil):
_c2005.
300 _a80 p.
500 _a18 illus.; 25 tables
909 _a202309
_bLucia
_c55
_dLucia Elande
942 _cBK
999 _c71124
_d71124